| 000 | 00629nam a22001697a 4500 | ||
|---|---|---|---|
| 999 |
_c19613 _d19613 |
||
| 008 | 240312b ||||| |||| 00| 0 eng d | ||
| 020 | _a9780314593542 | ||
| 082 |
_aDC 340.02373 _bSt297 1988 |
||
| 100 |
_aStatsky, William P. _954386 |
||
| 245 |
_aParalegal employment : _bfacts and strategies for the 1990s / _cWilliam P. Statsky. |
||
| 260 |
_aSt. Paul : _bWest Publishing Company, _c©1988. |
||
| 300 |
_a170 pages : _billustrations ; _c23 cm. |
||
| 500 | _aIncludes index. | ||
| 650 |
_aLegal assistants _xVocational guidance. _zUnited States. _954616 |
||
| 650 |
_aLegal assistants _zUnited States. _954617 |
||
| 942 |
_2ddc _cDC |
||